| 000 | 00584nam a2200205Ia 4500 | ||
|---|---|---|---|
| 003 | GCL | ||
| 008 | 140319s9999 xx 000 0 eng d | ||
| 040 |
_aGCL / _cGCL |
||
| 082 | 0 | 4 |
_a551.48272 _bN L |
| 100 | 1 | _aNATIONAL GEOGRAPHIC SOCIETY | |
| 245 | 1 | 0 |
_aLAKES, PEAKS, AND PRAIRIES: DISCOVERING THE UNITED STATES - CANADIAN BORDER / _cNATIONAL GEOGRAPHIC SOCIETY |
| 700 | 1 | _aCRUMP, DONALD J. | |
| 260 |
_a[S.N] : _bNATIONAL GEOGRAPHIC SOCIETY |
||
| 650 | 0 | 4 | _aUNITED STATES |
| 650 | 0 | 4 | _aCANADA |
| 650 | 0 | 4 | _aLAKES |
| 650 | 0 | 4 | _aPEAKS |
| 650 | 0 | 4 | _aPRAIRIES |
| 942 |
_2ddc _cBK |
||
| 999 |
_c22383 _d22383 |
||